000
00291nam a2200121 a 4500
008
101209s1972|||| d
245
1
0
_a
Chyby čiernobielych fotografií
100
1
_a
Kreyser, Ryszard
260
_b
ALFA
_a
Bratislava
_c
1972
020
_c
15
044
_a
xo
_c
SK
041
_a
slo
999
_c
14989
_d
14989